[Event "Barcelona Sants op 19th"]
[Site "Barcelona"]
[Date "2017.08.18"]
[Round "1"]
[White "Mihajlov, Sebastian"]
[Black "Torrents Senal, Marc"]
[Result "1-0"]
[WhiteElo "2399"]
[BlackElo "2028"]
[PlyCount "83"]
[EventDate "2017.08.18"]
[EventType "swiss"]
[EventRounds "10"]
[EventCountry "ESP"]
[SourceTitle "CBM 180 Extra"]
[Source "ChessBase"]
[SourceDate "2017.10.06"]
[SourceVersion "1"]
[SourceVersionDate "2017.10.06"]
[SourceQuality "1"]

1. d4 Nf6 2. Nf3 d5 3. c4 Bg4 4. Ne5 Bh5 5. Qb3 Nc6 6. Qb5 a6 7. Nxc6 axb5 8. Nxd8 Kxd8 9. cxb5 e6 10. f3 Bg6 11. Nc3 c5 12. e3 cxd4 13. exd4 Bb4 14. Be2 Ke7 15. Kf2 Bxc3 16. bxc3 Rhc8 17. Bb2 Nd7 18. a4 Nb6 19. a5 Nc4 20. Ba3+ Kd7 21. Bb4 Ke8 22. h4 h5 23. Ra2 b6 24. Rha1 Nxa5 25. Bxa5 Rxa5 26. Rxa5 bxa5 27. Rxa5 Rxc3 28. b6 Rb3 29. Bb5+ Kd8 30. Ra8+ Ke7 31. Ra7+ Kd8 32. Rd7+ Kc8 33. b7+ Kb8 34. Bc6 Ka7 35. Rd8 Rxb7 36. Bxb7 Kxb7 37. Rg8 Kc6 38. Rxg7 Kd6 39. g4 Ke7 40. Rg8 Kf6 41. Ke3 Bh7 42. Rg5 1-0

[Event "La Pobla de Lillet op 27th"]
[Site "La Pobla de Lillet"]
[Date "2017.??.??"]
[Round "3"]
[White "Garcia, Rodrigo"]
[Black "Torrents Senal, Marc"]
[Result "0-1"]
[WhiteElo "1685"]
[BlackElo "1927"]
[PlyCount "88"]
[EventDate "2017.08.01"]
[EventType "tourn"]
[EventRounds "9"]
[EventCountry "ESP"]
[SourceTitle "CBM 179 Extra"]
[Source "ChessBase"]
[SourceDate "2017.08.23"]
[SourceVersion "1"]
[SourceVersionDate "2017.08.23"]
[SourceQuality "1"]

1. d4 Nf6 2. Bg5 d5 3. Bxf6 gxf6 4. c4 c6 5. e3 Bf5 6. Nc3 e6 7. Rc1 Bg7 8. Nge2 dxc4 9. Ng3 Bg6 10. Bxc4 Nd7 11. h4 h6 12. Nh5 Bxh5 13. Qxh5 Qe7 14. a3 f5 15. g3 0-0 16. 0-0 Kh8 17. Be2 Rg8 18. Kh2 Nf6 19. Qf3 Ng4+ 20. Kh3 h5 21. e4 fxe4 22. Nxe4 Bxd4 23. Rc2 f5 24. Nc3 Qg7 25. Bc4 Be5 26. Ne2 Qg6 27. Rd2 Rg7 28. Rfd1 Nxf2+ 29. Qxf2 Qg4+ 30. Kg2 Qxc4 31. Qe3 Qe4+ 32. Qxe4 fxe4 33. Rd8+ Rxd8 34. Rxd8+ Kh7 35. Nd4 Rxg3+ 36. Kf2 e3+ 37. Ke2 Bxd4 38. Rxd4 Kg6 39. b4 Kf6 40. Rd7 Rg7 41. Rd8 Kf5 42. Kxe3 Rg3+ 43. Kd4 e5+ 44. Kc4 b5+ 0-1

[Event "La Pobla de Lillet op 26th"]
[Site "La Pobla de Lillet"]
[Date "2016.08.10"]
[Round "9.8"]
[White "Torrents Senal, Marc"]
[Black "Sanpera Bonet, Juan Carlos"]
[Result "0-1"]
[WhiteElo "2037"]
[BlackElo "2074"]
[PlyCount "129"]
[EventDate "2016.08.02"]
[EventType "swiss"]
[EventRounds "9"]
[EventCountry "ESP"]
[SourceTitle "EXT 2024"]
[Source "ChessBase"]
[SourceDate "2023.10.10"]
[SourceVersion "1"]
[SourceVersionDate "2023.10.10"]
[SourceQuality "1"]

1. d4 d6 2. c4 e5 3. dxe5 dxe5 4. Qxd8+ Kxd8 5. Nc3 Be6 6. b3 Nd7 7. g3 c6 8. Nf3 f6 9. Bg2 Kc7 10. 0-0 Bc5 11. Rd1 Nh6 12. Ne4 Be7 13. Bb2 Nf7 14. Ned2 a5 15. e4 Rhd8 16. Nf1 Nc5 17. Ba3 Rxd1 18. Rxd1 a4 19. Bxc5 Bxc5 20. Ne1 axb3 21. axb3 Ra2 22. Nd3 Bd4 23. Nd2 Nd6 24. Kf1 b5 25. Nb4 Ra1 26. Rxa1 Bxa1 27. Nc2 Bc3 28. Nb1 Bb2 29. c5 Nb7 30. b4 Bb3 31. Nba3 Nxc5 32. bxc5 b4 33. Nxb4 Bxa3 34. Nd3 Bc4 35. Ke2 Bxc5 36. Kd2 Bd4 37. f4 c5 38. fxe5 fxe5 39. Bh3 Kb6 40. Bd7 Bf7 41. g4 Ka5 42. Kc2 c4 43. Nc1 c3 44. Nd3 h5 45. h3 Kb6 46. gxh5 Bxh5 47. Bg4 Be8 48. Be6 Ba4+ 49. Bb3 Bd7 50. h4 Bc6 51. Bd5 Bxd5 52. exd5 e4 53. Nf4 Kc5 54. h5 Be5 55. Ng6 Kxd5 56. Ne7+ Ke6 57. Nc6 Bf6 58. Nb4 Kf5 59. Nd5 Kg4 60. Nxc3 Bxc3 61. Kxc3 Kxh5 62. Kd4 Kg4 63. Kxe4 g5 64. Ke3 Kg3 65. Ke2 0-1

[Event "La Pobla de Lillet op 25th A"]
[Site "La Pobla de Lillet"]
[Date "2015.08.06"]
[Round "6.10"]
[White "Torrents Senal, Marc"]
[Black "Tejero Royo, Fermin"]
[Result "0-1"]
[WhiteElo "1824"]
[BlackElo "2043"]
[PlyCount "76"]
[EventDate "2015.08.01"]
[EventType "swiss"]
[EventRounds "9"]
[EventCountry "ESP"]
[SourceTitle "EXT 2024"]
[Source "ChessBase"]
[SourceDate "2023.10.10"]
[SourceVersion "1"]
[SourceVersionDate "2023.10.10"]
[SourceQuality "1"]

1. d4 d5 2. c4 e6 3. Nc3 Nf6 4. Bf4 c6 5. e3 Nbd7 6. Nf3 Be7 7. cxd5 exd5 8. Bd3 Nf8 9. Qc2 Ng6 10. Bg3 Bd6 11. Rc1 Qe7 12. a3 0-0 13. 0-0 Bd7 14. Bxd6 Qxd6 15. b4 Rae8 16. Bxg6 hxg6 17. Ne5 Bf5 18. Qe2 g5 19. f4 g4 20. Na4 g6 21. Rc3 Kg7 22. Rfc1 Rh8 23. g3 Rh3 24. Nc5 Qb8 25. Ra1 Reh8 26. Ra2 R8h5 27. e4 dxe4 28. b5 Qd8 29. Qf2 Qd5 30. Rd2 cxb5 31. Rc1 b6 32. Na6 Qb3 33. Re1 Qxa3 34. Nc7 Qe7 35. Nxb5 Nd5 36. Ra2 a5 37. Qg2 Qb4 38. Qe2 Rxh2 0-1

[Event "Barcelona Sant Marti op-A 17th"]
[Site "Barcelona"]
[Date "2015.07.18"]
[Round "6"]
[White "Torrents Senal, Marc"]
[Black "Egorova, Ayyna"]
[Result "0-1"]
[WhiteElo "1824"]
[BlackElo "1901"]
[PlyCount "84"]
[EventDate "2015.07.13"]
[EventType "swiss"]
[EventRounds "9"]
[EventCountry "ESP"]
[SourceTitle "CBM 167 Extra"]
[Source "ChessBase"]
[SourceDate "2015.09.14"]
[SourceVersion "1"]
[SourceVersionDate "2015.09.14"]
[SourceQuality "1"]

1. d4 f5 2. g3 g6 3. Bg2 Bg7 4. Nh3 Nf6 5. 0-0 0-0 6. c3 d5 7. Nd2 Nc6 8. Nf3 Ne4 9. Bf4 h6 10. Be5 Nxe5 11. Nxe5 g5 12. f3 Nd6 13. f4 e6 14. e3 Bxe5 15. fxe5 Ne4 16. Bxe4 dxe4 17. b4 b5 18. Kf2 Bb7 19. Ke2 Bd5 20. Kd2 a5 21. Qh5 Kg7 22. a3 axb4 23. axb4 Bc6 24. Rfc1 Qd5 25. Qd1 Ra2+ 26. Rxa2 Qxa2+ 27. Qc2 Qa3 28. Rb1 Ra8 29. Ng1 Bd5 30. Ne2 Qa2 31. Rb2 Qc4 32. Ke1 Qc6 33. Nc1 Ra3 34. Kd2 f4 35. gxf4 gxf4 36. Nb3 Qc4 37. Nc5 f3 38. Ke1 Ra1+ 39. Kf2 Qf1+ 40. Kg3 Qg1+ 41. Kh3 h5 42. Nxe6+ Bxe6+ 0-1

[Event "Barcelona Sant Marti op-A 17th"]
[Site "Barcelona"]
[Date "2015.07.13"]
[Round "1"]
[White "Nabuurs, Mart"]
[Black "Torrents Senal, Marc"]
[Result "1/2-1/2"]
[WhiteElo "2247"]
[BlackElo "1824"]
[PlyCount "58"]
[EventDate "2015.07.13"]
[EventType "swiss"]
[EventRounds "9"]
[EventCountry "ESP"]
[SourceTitle "CBM 167 Extra"]
[Source "ChessBase"]
[SourceDate "2015.09.14"]
[SourceVersion "1"]
[SourceVersionDate "2015.09.14"]
[SourceQuality "1"]

1. e4 c6 2. Nc3 d5 3. Nf3 Bg4 4. h3 Bxf3 5. Qxf3 d4 6. Ne2 e6 7. g4 h6 8. Bg2 a5 9. Ng3 Nd7 10. Qe2 Qc7 11. 0-0 Bd6 12. Qc4 c5 13. Qb5 Bxg3 14. fxg3 e5 15. d3 f6 16. c3 Ne7 17. h4 Qc6 18. Qxc6 Nxc6 19. g5 hxg5 20. hxg5 Ke7 21. Bd2 Nf8 22. Bf3 b6 23. Bg4 Rd8 24. c4 Nh7 25. Kg2 fxg5 26. Bf5 Nf6 27. Bxg5 Rh5 28. Bd2 Rdh8 29. Rh1 Rxh1 1/2-1/2

[Event "Barcelona Sant Marti op-B 16th"]
[Site "Barcelona"]
[Date "2014.07.14"]
[Round "2"]
[White "Laszczak, Przemyslaw"]
[Black "Torrents Senal, Marc"]
[Result "1/2-1/2"]
[WhiteElo "1610"]
[BlackElo "1991"]
[PlyCount "86"]
[EventDate "2014.07.13"]
[EventType "swiss"]
[EventRounds "9"]
[EventCountry "ESP"]
[SourceTitle "CBM 161 Extra"]
[Source "ChessBase"]
[SourceDate "2014.08.29"]
[SourceVersion "1"]
[SourceVersionDate "2014.08.29"]
[SourceQuality "1"]

1. d4 d5 2. c4 Nc6 3. Nf3 Bg4 4. Nc3 e6 5. Bf4 Bxf3 6. gxf3 Bb4 7. e3 Bxc3+ 8. bxc3 Nge7 9. e4 f5 10. cxd5 exd5 11. e5 Qd7 12. Rg1 Ng6 13. Bg5 Nd8 14. Bd3 0-0 15. Qc2 Qf7 16. h4 Ne6 17. h5 Ngf4 18. Bxf4 Nxf4 19. h6 g6 20. Qd2 Ne6 21. Qb2 c6 22. Rb1 b5 23. Qb4 Rfc8 24. Qd6 Nf4 25. Bc2 Qf8 26. Qxf8+ Kxf8 27. Kd2 Ne6 28. Ke3 c5 29. Bb3 c4 30. Bc2 f4+ 31. Kd2 Rab8 32. Rg4 Kf7 33. a4 bxa4 34. Rgg1 Rxb1 35. Rxb1 Rc7 36. Bxa4 Ng5 37. Ke2 Ke6 38. Rb8 Nf7 39. Re8+ Re7 40. Rf8 Rc7 41. Re8+ Re7 42. Rf8 Rc7 43. Re8+ Kf5 1/2-1/2

[Event "Barcelona Sant Marti op-B 15th"]
[Site "Barcelona"]
[Date "2013.07.21"]
[Round "9"]
[White "Delgado Lozano, Ignacio Maria"]
[Black "Torrents Senal, Marc"]
[Result "1/2-1/2"]
[WhiteElo "1765"]
[BlackElo "1829"]
[PlyCount "71"]
[EventDate "2013.07.13"]
[EventType "swiss"]
[EventRounds "9"]
[EventCountry "ESP"]
[SourceTitle "CBM 155 Extra"]
[Source "ChessBase"]
[SourceDate "2013.08.26"]
[SourceVersion "1"]
[SourceVersionDate "2013.08.26"]
[SourceQuality "1"]

1. d4 d5 2. Nf3 Nf6 3. g3 c5 4. Bg2 Nc6 5. 0-0 Bf5 6. c4 e6 7. Nc3 Rc8 8. cxd5 Nxd5 9. Nxd5 exd5 10. Bf4 Be4 11. Bh3 Ra8 12. dxc5 Bxf3 13. exf3 Bxc5 14. Re1+ Be7 15. Qb3 Qb6 16. Qxd5 0-0 17. Rad1 Rfd8 18. Qe4 Rxd1 19. Rxd1 Qxb2 20. Rb1 Qxa2 21. Rxb7 Bc5 22. Be3 Bxe3 23. Qxe3 Rd8 24. Bd7 Nb8 25. Qe7 Qa1+ 26. Kg2 Qf6 27. Qxf6 gxf6 28. Ba4 a6 29. Ra7 Kg7 30. Bb3 Rd7 31. Ra8 Rb7 32. Bc4 f5 33. Bxa6 Nxa6 34. Rxa6 Rb4 35. h4 h5 36. Rc6 1/2-1/2

[Event "Barcelona Sant Marti op-B 15th"]
[Site "Barcelona"]
[Date "2013.07.19"]
[Round "7"]
[White "Aguilera Bonaque, Juan Carlos"]
[Black "Torrents Senal, Marc"]
[Result "1-0"]
[WhiteElo "1957"]
[BlackElo "1829"]
[PlyCount "97"]
[EventDate "2013.07.13"]
[EventType "swiss"]
[EventRounds "9"]
[EventCountry "ESP"]
[SourceTitle "CBM 155 Extra"]
[Source "ChessBase"]
[SourceDate "2013.08.26"]
[SourceVersion "1"]
[SourceVersionDate "2013.08.26"]
[SourceQuality "1"]

1. f4 d5 2. Nf3 c5 3. g3 Nc6 4. Bg2 Nf6 5. 0-0 g6 6. d3 Bg7 7. Qe1 d4 8. e4 dxe3 9. Qxe3 Nd4 10. Na3 Ng4 11. Qe1 h5 12. h3 Nh6 13. Ne5 Rb8 14. Be3 Bxe5 15. fxe5 b6 16. c3 Ndf5 17. Bg5 Qxd3 18. Rf3 Qa6 19. Rf4 Be6 20. Bc6+ Kf8 21. g4 Ng7 22. Qe4 Kg8 23. Bxe7 Kh7 24. Nb5 Rbc8 25. c4 Qa4 26. b3 Qa5 27. Bf6 hxg4 28. Nd6 Qc3 29. Rd1 Qg3+ 30. Kf1 Rxc6 31. Rd3 Bf5 32. Rxg3 Bxe4 33. Nxe4 Nh5 34. Ng5+ Kg8 35. Rd3 Rc8 36. Rf2 Nxf6 37. exf6 Nf5 38. hxg4 Nd4 39. Re3 Rh4 40. Rf4 Nc6 41. Kg2 Rd8 42. Nf3 Rh8 43. Rfe4 Rf8 44. Rd3 Rc8 45. Rd7 Rh6 46. Ng5 Rf8 47. Rc7 Nd4 48. Rxa7 Ne6 49. Nxe6 1-0

[Event "Barcelona Sant Marti op-B 15th"]
[Site "Barcelona"]
[Date "2013.07.16"]
[Round "4"]
[White "Torrents Senal, Marc"]
[Black "Terrones Hernandez, Jonathan"]
[Result "1-0"]
[WhiteElo "1829"]
[BlackElo "1711"]
[PlyCount "119"]
[EventDate "2013.07.13"]
[EventType "swiss"]
[EventRounds "9"]
[EventCountry "ESP"]
[SourceTitle "CBM 155 Extra"]
[Source "ChessBase"]
[SourceDate "2013.08.26"]
[SourceVersion "1"]
[SourceVersionDate "2013.08.26"]
[SourceQuality "1"]

1. d4 d5 2. c4 e6 3. Nc3 Nf6 4. Bf4 c6 5. e3 Nbd7 6. Nf3 Bb4 7. Rc1 Qa5 8. Qb3 0-0 9. a3 Bxc3+ 10. Qxc3 Qxc3+ 11. Rxc3 Ne4 12. Rc2 Re8 13. Bd3 f6 14. cxd5 exd5 15. h3 Nf8 16. Bxe4 dxe4 17. Nd2 Be6 18. 0-0 Bd5 19. Rfc1 g5 20. Bh2 Ng6 21. Rc5 f5 22. a4 f4 23. Nb1 Rf8 24. b4 a6 25. a5 h5 26. Nc3 Ne7 27. Na4 Rad8 28. Re1 Nc8 29. Rcc1 Kh7 30. Nc5 Nd6 31. h4 fxe3 32. fxe3 Rf7 33. Bxd6 Rxd6 34. hxg5 Rg6 35. Rf1 Rfg7 36. Rf5 h4 37. Rcf1 h3 38. gxh3 Rxg5+ 39. Rxg5 Rxg5+ 40. Kh2 Rg7 41. Rf4 Re7 42. Kg3 Kh6 43. Na4 Rg7+ 44. Kf2 Kh5 45. Nc3 Be6 46. h4 Bh3 47. Nxe4 Rg2+ 48. Kf3 Rb2 49. Nf6+ Kg6 50. d5 Bg2+ 51. Kg4 Bxd5 52. Nxd5 cxd5 53. Rd4 Rb3 54. Kf4 Kh5 55. Ke5 Rxe3+ 56. Kxd5 Rg3 57. Kc5 Rg6 58. Rd6 Rg4 59. Rd5+ Kg6 60. Rg5+ 1-0

[Event "Barcelona Sant Marti op-B 15th"]
[Site "Barcelona"]
[Date "2013.07.15"]
[Round "3"]
[White "Argemi Camp, Jaume"]
[Black "Torrents Senal, Marc"]
[Result "1-0"]
[WhiteElo "1639"]
[BlackElo "1829"]
[PlyCount "63"]
[EventDate "2013.07.13"]
[EventType "swiss"]
[EventRounds "9"]
[EventCountry "ESP"]
[SourceTitle "CBM 155 Extra"]
[Source "ChessBase"]
[SourceDate "2013.08.26"]
[SourceVersion "1"]
[SourceVersionDate "2013.08.26"]
[SourceQuality "1"]

1. e4 d5 2. exd5 Qxd5 3. Qf3 Qxf3 4. Nxf3 Nf6 5. g3 Bf5 6. d3 e6 7. Bg2 c6 8. 0-0 Bd6 9. Nbd2 Nbd7 10. Nc4 Bc7 11. a4 h6 12. a5 Nd5 13. Rd1 0-0 14. c3 N7f6 15. a6 b6 16. Nd4 Rfc8 17. Nxc6 Bxg3 18. Ne7+ Nxe7 19. hxg3 Nfd5 20. Nd6 Rc6 21. Nxf5 Nxf5 22. c4 Nde7 23. Bxc6 Nxc6 24. Bd2 Rd8 25. Be3 Nxe3 26. fxe3 Ne5 27. Rac1 Rxd3 28. Rxd3 Nxd3 29. Rd1 Nxb2 30. Rd7 Nxc4 31. Rxa7 Na5 32. Rc7 1-0

[Event "Catalunya-ch U14"]
[Site "Vila Seca"]
[Date "2012.04.02"]
[Round "5"]
[White "Garriga Cazorla, Pere"]
[Black "Torrents Senal, Marc"]
[Result "1-0"]
[WhiteElo "2026"]
[BlackElo "1828"]
[PlyCount "65"]
[EventDate "2012.03.31"]
[EventType "swiss"]
[EventRounds "9"]
[EventCountry "ESP"]
[SourceTitle "EXT 2015"]
[Source "ChessBase"]
[SourceDate "2014.11.20"]
[SourceVersion "1"]
[SourceVersionDate "2014.11.20"]
[SourceQuality "1"]

1. Nf3 d5 2. g3 Nf6 3. Bg2 c5 4. 0-0 Nc6 5. d4 Bg4 6. Ne5 e6 7. Nxg4 Nxg4 8. e4 Nf6 9. Bg5 dxe4 10. dxc5 Bxc5 11. Nc3 Bd4 12. Nxe4 0-0 13. c3 Be5 14. Qe2 h6 15. Rad1 Qe7 16. Be3 Rfd8 17. Bc5 Qc7 18. f4 Nxe4 19. Bxe4 Bf6 20. Be3 g6 21. h4 Kg7 22. h5 g5 23. Rxd8 Rxd8 24. Qg4 Qe7 25. Qf3 Qc7 26. fxg5 Bxg5 27. Bxg5 hxg5 28. Qf6+ Kf8 29. Qxg5 Qb6+ 30. Kh1 Qa5 31. Qg6 Rd7 32. h6 Qb5 33. Rf2 1-0

[Event "Barcelona Torxa op 4th"]
[Site "Barcelona"]
[Date "2011.09.06"]
[Round "4.3"]
[White "Castillo Dalmau, Albert"]
[Black "Torrents Senal, Marc"]
[Result "1-0"]
[WhiteElo "1928"]
[BlackElo "1921"]
[PlyCount "145"]
[EventDate "2011.09.01"]
[EventType "swiss"]
[EventRounds "7"]
[EventCountry "ESP"]
[SourceTitle "EXT 2024"]
[Source "ChessBase"]
[SourceDate "2023.10.10"]
[SourceVersion "1"]
[SourceVersionDate "2023.10.10"]
[SourceQuality "1"]

1. c4 d5 2. g3 Nf6 3. Bg2 dxc4 4. Qa4+ c6 5. Qxc4 g6 6. Nf3 Bg7 7. Qc2 Nbd7 8. 0-0 0-0 9. Nc3 Qc7 10. d3 Nb6 11. Bf4 Qd8 12. Be3 Nbd5 13. Nxd5 Nxd5 14. Bd2 Be6 15. Rab1 Qd7 16. Ng5 h6 17. Nxe6 Qxe6 18. Rfe1 Nf6 19. b4 Rac8 20. Qb3 Qxb3 21. Rxb3 Rc7 22. Reb1 Rfc8 23. Be3 a6 24. Bh3 e6 25. Bb6 Rd7 26. a4 Nd5 27. Bc5 Nc3 28. Re1 Nxa4 29. Be3 Nc3 30. Bd2 Nd5 31. Rc1 Rcd8 32. Bg2 h5 33. Bg5 f6 34. Bd2 Kf7 35. Kf1 Ne7 36. f4 f5 37. Be3 Nd5 38. Bd2 Bf8 39. Kf2 Nf6 40. h3 Nd5 41. Rbb1 Be7 42. Rb3 Bf6 43. Kf1 e5 44. fxe5 Bxe5 45. Kf2 Ke6 46. Bxd5+ cxd5 47. b5 Rc7 48. Rcb1 Rc2 49. Bf4 a5 50. Rc1 Rxc1 51. Bxc1 Rc8 52. Bd2 b6 53. Be3 d4 54. Bg5 Kd5 55. Rb2 Rc3 56. h4 Bd6 57. Kf3 a4 58. Bd2 Rb3 59. Ra2 a3 60. Bc1 Ke6 61. Kf2 Kd5 62. Kf3 Bc5 63. Kf2 Rxb5 64. Bxa3 Ra5 65. Bxc5 Rxa2 66. Bxb6 Ke5 67. Kf3 Rb2 68. Bc5 Kd5 69. Ba3 Rb3 70. Bf8 Ke6 71. Bc5 Kf6 72. Kf4 Rb2 73. Bxd4+ 1-0

[Event "Barcelona Torxa op 4th"]
[Site "Barcelona"]
[Date "2011.09.05"]
[Round "3.3"]
[White "Torrents Senal, Marc"]
[Black "Llados Clos, Jaume"]
[Result "1/2-1/2"]
[WhiteElo "1921"]
[BlackElo "1843"]
[PlyCount "63"]
[EventDate "2011.09.01"]
[EventType "swiss"]
[EventRounds "7"]
[EventCountry "ESP"]
[SourceTitle "EXT 2024"]
[Source "ChessBase"]
[SourceDate "2023.10.10"]
[SourceVersion "1"]
[SourceVersionDate "2023.10.10"]
[SourceQuality "1"]

1. d4 d5 2. c4 e6 3. Nc3 Nf6 4. Bf4 c6 5. e3 Nbd7 6. Nf3 b6 7. cxd5 exd5 8. Bd3 Be7 9. Qc2 Bb7 10. 0-0 0-0 11. Rac1 Nb8 12. Ne2 Bd6 13. Be5 h6 14. Bxd6 Qxd6 15. Qd2 Na6 16. Ne5 Rac8 17. Rc3 Qe6 18. Ng3 g6 19. Rfc1 Nb8 20. Ra3 a6 21. Rb3 b5 22. Rbc3 Nfd7 23. Nxd7 Qxd7 24. b4 Qd6 25. a3 Nd7 26. Ne2 Nf6 27. h3 Rc7 28. Bb1 Ne8 29. Qc2 Nf6 30. Qd2 Ne8 31. Nf4 Nf6 32. f3 1/2-1/2

[Event "Barcelona Torxa op 4th"]
[Site "Barcelona"]
[Date "2011.09.01"]
[Round "1.5"]
[White "Torrents Senal, Marc"]
[Black "Riba Ferrerons, Joan"]
[Result "1-0"]
[WhiteElo "1921"]
[BlackElo "1775"]
[PlyCount "77"]
[EventDate "2011.09.01"]
[EventType "swiss"]
[EventRounds "7"]
[EventCountry "ESP"]
[SourceTitle "EXT 2024"]
[Source "ChessBase"]
[SourceDate "2023.10.10"]
[SourceVersion "1"]
[SourceVersionDate "2023.10.10"]
[SourceQuality "1"]

1. d4 e6 2. c4 b6 3. Nc3 Bb7 4. Nf3 d6 5. Bf4 g6 6. e3 Bg7 7. Bd3 Ne7 8. 0-0 Na6 9. c5 d5 10. Bxa6 Bxa6 11. Qa4+ Bb5 12. Nxb5 0-0 13. Nxc7 Rc8 14. cxb6 axb6 15. Nb5 Rc4 16. Qb3 Qd7 17. Rfc1 Rfc8 18. Rxc4 Rxc4 19. Nc3 Rc6 20. Ne5 Bxe5 21. Bxe5 Kf8 22. h3 Ng8 23. Rc1 f6 24. Bg3 Ne7 25. Ne2 b5 26. Rxc6 Qxc6 27. Nc3 Qc4 28. Qxc4 bxc4 29. Bd6 Kf7 30. Bxe7 Kxe7 31. a4 e5 32. dxe5 d4 33. exd4 fxe5 34. dxe5 Ke6 35. a5 Kxe5 36. a6 Kd4 37. a7 h5 38. a8Q g5 39. Qd5# 1-0

[Event "Benidorm New Generation U12 06th"]
[Site "Benidorm"]
[Date "2010.12.08"]
[Round "7"]
[White "Torrents Senal, Marc"]
[Black "Aliane Diez, Aaron"]
[Result "1-0"]
[WhiteElo "1784"]
[BlackElo "1523"]
[PlyCount "105"]
[EventDate "2010.12.04"]
[EventType "swiss"]
[EventRounds "7"]
[EventCountry "ESP"]
[SourceTitle "EXT 2024"]
[Source "ChessBase"]
[SourceDate "2023.10.10"]
[SourceVersion "1"]
[SourceVersionDate "2023.10.10"]
[SourceQuality "1"]

1. d4 d5 2. c4 e6 3. Nc3 Nf6 4. Bf4 Nbd7 5. e3 Be7 6. Nf3 0-0 7. cxd5 exd5 8. Bd3 c6 9. 0-0 Re8 10. Qc2 Nf8 11. Rab1 Ne6 12. Bg3 g6 13. b4 Ng7 14. b5 Bf5 15. bxc6 Bxd3 16. Qxd3 bxc6 17. Rb7 Bd6 18. Bxd6 Qxd6 19. Qa6 Reb8 20. Rxa7 Rxa7 21. Qxa7 Nd7 22. Qa4 Nb6 23. Qc2 Nc4 24. Rb1 Ne6 25. Rxb8+ Qxb8 26. Qb1 Qa7 27. g3 Qa3 28. Qb3 Qd6 29. Kg2 Nf8 30. Na4 Nd7 31. Nb2 Ndb6 32. Nxc4 Nxc4 33. Ne1 Kg7 34. Nd3 Qe6 35. Nc5 Qg4 36. Qd3 h5 37. h3 Qg5 38. Qe2 Qf5 39. g4 hxg4 40. hxg4 Qf6 41. Qe1 Qg5 42. Kg3 Nd6 43. Qe2 Nf5+ 44. Kh3 Qh4+ 45. Kg2 Nh6 46. f3 f5 47. a4 fxg4 48. fxg4 Nxg4 49. Qf3 Qh2+ 50. Kf1 Qh5 51. Ne6+ Kh7 52. Qf7+ Kh6 53. Qg7# 1-0

[Event "Benidorm New Generation U12 06th"]
[Site "Benidorm"]
[Date "2010.12.05"]
[Round "2.4"]
[White "Gomez Sanjuan, Hector Fernando"]
[Black "Torrents Senal, Marc"]
[Result "1/2-1/2"]
[WhiteElo "1483"]
[BlackElo "1784"]
[PlyCount "99"]
[EventDate "2010.12.04"]
[EventType "swiss"]
[EventRounds "7"]
[EventCountry "ESP"]
[SourceTitle "EXT 2024"]
[Source "ChessBase"]
[SourceDate "2023.10.10"]
[SourceVersion "1"]
[SourceVersionDate "2023.10.10"]
[SourceQuality "1"]

1. d4 d5 2. c4 c6 3. Nf3 Bf5 4. e3 e6 5. Nbd2 Nf6 6. Be2 Bd6 7. 0-0 0-0 8. b3 Re8 9. Bb2 Nbd7 10. Rc1 Nf8 11. h3 Rc8 12. Re1 Bb4 13. a3 Bd6 14. b4 Qd7 15. Qb3 h6 16. Red1 b5 17. cxb5 cxb5 18. Rxc8 Rxc8 19. Rc1 a6 20. Rxc8 Qxc8 21. Qc3 Qxc3 22. Bxc3 N8d7 23. Nb3 Nb6 24. Nc5 Ne4 25. Nxe4 Bxe4 26. Nd2 Bc2 27. Kf1 Nc4 28. Nxc4 bxc4 29. Ke1 Kf8 30. Kd2 Ba4 31. g3 Ke7 32. Bd1 Bxd1 33. Kxd1 Kd7 34. f4 Ke7 35. Ke2 h5 36. Kf3 Kd7 37. Ke2 Kc6 38. Kd2 Kb5 39. Kc2 Ka4 40. Kb2 Bc7 41. Ka2 a5 42. bxa5 Bxa5 43. Bxa5 Kxa5 44. Kb2 f5 45. Ka2 h4 46. gxh4 g6 47. Kb2 Ka4 48. h5 gxh5 49. h4 c3+ 50. Kc2 1/2-1/2

[Event "Barcelona Torxa op 3rd"]
[Site "Barcelona"]
[Date "2010.09.05"]
[Round "6.3"]
[White "Torrents Senal, Marc"]
[Black "Corominas Vinas, Roger"]
[Result "1/2-1/2"]
[WhiteElo "1880"]
[BlackElo "1700"]
[PlyCount "43"]
[EventDate "2010.08.30"]
[EventType "swiss"]
[EventRounds "7"]
[EventCountry "ESP"]
[SourceTitle "EXT 2024"]
[Source "ChessBase"]
[SourceDate "2023.10.10"]
[SourceVersion "1"]
[SourceVersionDate "2023.10.10"]
[SourceQuality "1"]

1. d4 Nf6 2. c4 e6 3. Nc3 g6 4. e3 Bg7 5. Nf3 b6 6. Be2 Bb7 7. 0-0 0-0 8. Bd2 c5 9. Qc2 d5 10. cxd5 cxd4 11. Nxd4 Nxd5 12. Nf3 Ba6 13. Bxa6 Nxa6 14. Nxd5 Qxd5 15. Rfd1 Qc5 16. Rac1 Qxc2 17. Rxc2 Rac8 18. Rdc1 Rxc2 19. Rxc2 Rd8 20. Kf1 Nc5 21. b3 Ne4 22. Bc1 1/2-1/2